| 000 | 02466cam a22004694i 4500 | ||
|---|---|---|---|
| 003 | PE-LiUPU | ||
| 005 | 20250731175616.0 | ||
| 008 | 150826s2011 miua rb 001 0 eng d | ||
| 020 |
_a9780310493921 _q(softcover) |
||
| 035 | _a(Sirsi) i9780310493921 | ||
| 040 |
_aPE-LiUPU _bspa _dPE-LiUPU _erda |
||
| 049 | _aPRUA | ||
| 082 | 0 | 4 |
_a487.4 _bH22 _223 |
| 100 | 1 |
_aHarris, Murray J., _eautor. |
|
| 245 | 1 | 0 |
_aPrepositions and theology in the Greek New Testament : _ban essential reference resource for exegesis / _cMurray J. Harris. |
| 264 | 1 |
_aGrand Rapids, Michigan : _bZondervan, _c[2011] |
|
| 300 |
_a293 páginas : _bilustraciones ; _c25 centímetros |
||
| 336 |
_atext _2rdacontent |
||
| 337 |
_aunmediated _2rdamedia |
||
| 338 |
_avolume _2rdacarrier |
||
| 504 | _aIncluye referencias bibliográficas. | ||
| 504 | _aÍndice : páginas 267-293. | ||
| 505 | 0 | _aIntroduction -- Distinctive features of prepositional usage in New Testament Greek -- Dangers to be avoided in any examination of New Testament prepositional usage -- Amphi and Ana -- Anti -- Apo -- Dia -- Eis -- Ek -- En -- Epi -- Kata -- Meta -- Para -- Peri -- Pro -- Pros -- Sun -- Uper -- Upo -- Propositions with baptizo -- Prepositions with pisteuo and pistis -- "Improper" prepositions -- Notable uses of selected "improper" prepositions. | |
| 526 | _aP145 | ||
| 526 | _aP127 | ||
| 526 | _aP97 | ||
| 526 | _aP35 | ||
| 526 | _aP14 | ||
| 526 | _aP07 | ||
| 630 | 0 | 0 |
_aBiblia. _pN.T. _xLanguage. |
| 650 | 0 |
_aGriego bíblicol _xPreposiciones. |
|
| 910 |
_aaas _bjck _caas _d20150826 |
||
| 910 |
_adbm _bncf _cncf _d20171218 |
||
| 942 |
_2ddc _cBOOK |
||
| 949 |
_aPGT 487.4 H22 _wDEWEY _c1 _i71773 _lCCODEBUL1 _mBUL _p43.00 _r0 _sY _tBOOK _u2015-8-26 _xTEOLOGIA _PP85 _0COMPRA _o.CIRCNOTE. No olvidar cambiar la fecha de devolución!!!!!!! _o.STAFF. Posgrado |
||
| 994 |
_aC0 _bPEPRU |
||
| 596 | _a1 | ||
| 999 |
_aPGT 487.4 H22 _wDEWEY _c6871 _i71773 _d6871 _e2017-10-30 _f2021-11-11 _g5 _lCCODEBUL1 _mBUL _n2 _p43.00 _q1 _r0 _sY _tBOOK _u2015-8-26 _xTEOLOGIA _PP85 _0COMPRA _o.CIRCNOTE. No olvidar cambiar la fecha de devolución!!!!!!! _o.STAFF. Colección Teología |
||
| 999 |
_a487.4 H22 _wDEWEY _c1 _i77635 _d2018-1-24 _e2018-1-24 _f2021-11-11 _g4 _lCCODEBUL1 _mBUL _n1 _p25.79 _q1 _r0 _sY _tBOOK _u2017-12-18 _xTEOLOGIA _PP85 _0COMPRA _o.STAFF. Colección Teología |
||
| 980 |
_81 _gALBERTO SANCHEZ Responsable de Automatización |
||